Classifica Scarpa d'Oro 2013 - Statistics

Statistiche generali
  • Questo quiz è stato fatto 28 volte
  • Il punteggio medio è 9 su 15
Statistiche sulle risposte
Gol Coefficiente UEFA Punti Nazione Squadra Calciatore % Corretto
34 x2 68 Portogallo Real Madrid Cristiano Ronaldo
100%
46 x2 92 Argentina Barcellona Lionel Messi
100%
29 x2 58 Uruguay Napoli Edinson Cavani
92%
23 x2 46 Uruguay Liverpool Luis Suárez
92%
23 x2 46 Italia Udinese Antonio Di Natale
88%
28 x2 56 Colombia Atletico Madrid Radamel Falcao
88%
30 x1,5 42 Svezia Paris Saint-Germain Zlatan Ibrahimović
88%
24 x2 48 Polonia Borussia Dortmund Robert Lewandowski
85%
26 x2 52 Paesi Bassi Manchester United Robin van Persie
85%
26 x2 52 Colombia Porto Jackson Martínez
58%
25 x2 50 Spagna Siviglia Álvaro Negredo
27%
24 x2 48 Spagna Valencia Roberto Soldado
15%
25 x2 50 Germania Bayer Leverkusen Stefan Kießling
8%
32 x1,5 48 Austria Admira Wacker Mödling / Austria Vienna Philipp Hosiner
0%
31 x1,5 46,5 Costa d'Avorio Vitesse Wilfried Bony
0%
Nessun quiz corrispondente trovato
Distribuzione punteggi
Percentuale di utenti per punteggio
Percentile per numero di risposta
I tuoi punteggi nel tempo
Non hai fatto questo quiz